| 000 | 00656nam a2200193Ia 4500 | ||
|---|---|---|---|
| 003 | GCL | ||
| 005 | 20240530103226.0 | ||
| 008 | 140319s9999 xx 000 0 ara d | ||
| 040 |
_aGCL / _cGCL |
||
| 082 | 0 | 4 |
_a189.092 _bد ا |
| 100 | 1 | _aدولت عبدالرحيم ابراهيم | |
| 245 | 1 | 0 |
_aالاتجاه العلمى والفلسفى عند ابن الهيثم / _cدولت عبدالرحيم ابراهيم |
| 300 | _a310 ص | ||
| 650 | 0 | 4 | _aالفلسفة الاسلامية |
| 650 | 0 | 4 | _aالحركات الفكرية عند المسلمين |
| 650 | 0 | 4 | _aالعلوم عند العرب |
| 650 | 0 | 4 | _aابن الهيثم |
| 942 |
_2ddc _cBK |
||
| 999 |
_c37709 _d37709 |
||